Department of State publications on diplomatic history, international law, and the conduct of foreign relations. (Record no. 90086)

MARC details
000 -LEADER
fixed length control field 00965cam a22002531 4500
001 - CONTROL NUMBER
control field sd 62000001
003 - CONTROL NUMBER IDENTIFIER
control field DLC
005 - DATE AND TIME OF LATEST TRANSACTION
control field 20260227112736.0
008 - FIXED-LENGTH DATA ELEMENTS--GENERAL INFORMATION
fixed length control field 920420s1961 dcu b f000 0 eng c
010 ## - LIBRARY OF CONGRESS CONTROL NUMBER
LC control number sd 62000001
035 ## - SYSTEM CONTROL NUMBER
System control number (OCoLC)25678216
040 ## - CATALOGING SOURCE
Original cataloging agency U.S. Dept. of State. Library
Transcribing agency DS
Modifying agency DS
-- DLC
042 ## - AUTHENTICATION CODE
Authentication code premarc
050 00 - LIBRARY OF CONGRESS CALL NUMBER
Classification number Z6465.U5
Item number A55
110 1# - MAIN ENTRY--CORPORATE NAME
Corporate name or jurisdiction name as entry element United States.
Subordinate unit Department of State.
-- Historical Office.
245 00 - TITLE STATEMENT
Title Department of State publications on diplomatic history, international law, and the conduct of foreign relations.
260 ## - PUBLICATION, DISTRIBUTION, ETC.
Place of publication, distribution, etc. [Washington,
Name of publisher, distributor, etc. U.S. Govt. Print. Off.]
Date of publication, distribution, etc. 1961.
300 ## - PHYSICAL DESCRIPTION
Extent 17 p.
Dimensions 21 cm.
490 1# - SERIES STATEMENT
Series statement [U.S.] Dept. of State. Publication
Volume/sequential designation 7320
490 1# - SERIES STATEMENT
Series statement General foreign policy series,
Volume/sequential designation 177
610 10 - SUBJECT ADDED ENTRY--CORPORATE NAME
Corporate name or jurisdiction name as entry element United States.
Subordinate unit Department of State
Form subdivision Bibliography.
830 #0 - SERIES ADDED ENTRY--UNIFORM TITLE
Uniform title Department of State publication ;
Volume/sequential designation 7320.
830 #0 - SERIES ADDED ENTRY--UNIFORM TITLE
Uniform title Department of State publication.
Name of part/section of a work General foreign policy series ;
Volume/sequential designation 177.

No items available.

Powered by Koha